| 000 | 00363nam a2200133Ia 4500 | ||
|---|---|---|---|
| 008 | 211109s9999||||xx |||||||||||||| ||und|| | ||
| 082 |
_a537.53 _bAPP-T |
||
| 100 | _aAppleton [e V], | ||
| 245 | 0 | _aThermonic Vacum Tubes | |
| 260 |
_bMathrubhumi _aKozhikode _c1946 |
||
| 630 | _xGeneral Stack | ||
| 650 |
_vPhysics _aScienceVacuum-tubes _xElectronics |
||
| 942 | _cBOOK | ||
| 999 |
_c12278 _d12278 |
||